000 00869nam a2200265Ia 4500
003 OSt
005 20220926021020.0
006 a|||||r|||| 00| 0
007 ta
008 220923b |||||||| |||| 00| 0 eng d
020 _a0791402673
_c
_ 59.95
037 _b2352, 99/1//81/1, SBD
_cGeneral Book
040 _aRTL
_cRTL
_beng
041 _2eng
_aeng
082 _aX:3M24xM18:g, N0/TD
100 _aSmith Tony
_919335
245 0 _aLogic of Marx's capital
_bReplies to Hegelian Crit
260 _aNew York
_bState University of New
_c1990
300 _axii,271p
_ccm.
490 _aSuny Series in the Philosophy of the Social Science
500 _aBibliography: p 255-63
650 _aEconomics Classics Karl Mark
_9231515
942 _hX:3M24xM18:g, N0/TD
_cGB
_2CC
999 _c635490
_d635490